000 00296nam a22001337a 4500
008 170208b xxu||||| |||| 00| 0 eng d
020 _a901710
041 _aeng
080 _a61
100 _a4
101 _aSHM
245 _aUNCOMMON CURES FOR EVERYDAY AILMENTS
_cBOTTOM LINE
942 _2udc
_cBK
999 _c4926
_d4926